000 01109nam a22002417a 4500
999 _c2410
_d2410
003 AR-CdUCM
008 190304b ||||| |||| 00| 0 spa d
020 _a9972-9720-6-2
040 _aMUNICIPALIDAD PROVINCIAL DEL CUSCO
_cBIBLIOTECA MUNICIPAL DEL CUSCO
082 _a321.8 /
_bD56
100 _aDFID
_98655
245 _aDemocracia participativa en los andes :
_bla experiencia de cuatro municipalidades rurales en el Perú /
260 _aLima :
_bDFID,
_c2003.
300 _a157 páginas ;
_c24 cm.
505 _aContenido: Limatambo: de la exclusión al gobierno. Los logros de una democracia participativa -- Camino al desarrollo. El sistema de planificación y gestión municipal concertado de Santo Domingo -- Tres herramientas para el desarrollo de Haquira: participación, acuerdos y organicidad -- Del olvido a la esperanza. Planificando el desarrollo de Castrovirreyna ...
650 _aDemocracia
_92598
650 _aPerú
_935
650 _aParticipación ciudadana
_94011
650 _aGobierno local
_98656
650 _aEstudio de casos
_98657
942 _2ddc
_cLIBROS
945 _azta